000 00382nam a2200169Ia 4500
100 _aTyagi/M.S
650 _aSemiconductor
942 _cBK
366 _f27
654 _asemi conductor
245 _aIntroduction to semiconductor materials and devices
260 _bWiley
_c2005
082 _a621.38152
_bTYA
300 _a669
546 _aENGLISH
_cPAMPHALETS
999 _c23740
_d23740